Decision making support systems
The book presents state of the art knowledge about Decision-Making Support Systems (DMSS). Its main goals are to help diffuse knowledge about effective methods and strategies for successfully designing, developing, implementing, and evaluating decision-making support systems, and to create an awaren...
Gespeichert in:
| 1. Verfasser: | |
|---|---|
| Format: | Buch |
| Sprache: | Undetermined |
| Veröffentlicht: |
Hershey, PA
Idea Group Pub
2003
|
| Schlagworte: | |
| Tags: |
Tag hinzufügen
Keine Tags, Fügen Sie den ersten Tag hinzu!
|
| Thư viện lưu trữ: | Trung tâm Học liệu Trường Đại học Cần Thơ |
|---|
| LEADER | 01247nam a2200205Ia 4500 | ||
|---|---|---|---|
| 001 | CTU_153493 | ||
| 008 | 210402s9999 xx 000 0 und d | ||
| 082 | |a 658.403 | ||
| 082 | |b M717 | ||
| 100 | |a Mora, Manuel | ||
| 245 | 0 | |a Decision making support systems | |
| 245 | 0 | |c Manuel Mora, Guisseppi A. Forgionne, Jatinder N.D. Gupta. | |
| 260 | |a Hershey, PA | ||
| 260 | |b Idea Group Pub | ||
| 260 | |c 2003 | ||
| 520 | |a The book presents state of the art knowledge about Decision-Making Support Systems (DMSS). Its main goals are to help diffuse knowledge about effective methods and strategies for successfully designing, developing, implementing, and evaluating decision-making support systems, and to create an awareness among academicians and practitioners about the relevance of decision-making support systems in the current dynamic management environment. Decision-Making Support Systems: Achievements and Challenges for the New Decade is a comprehensive compilation of DMSS thought and vision, dealing with issues such as decision making concepts in organizations | ||
| 650 | |a Decision support systems | ||
| 650 | |x Hệ thống quyết định | ||
| 904 | |i Tuyến | ||
| 980 | |a Trung tâm Học liệu Trường Đại học Cần Thơ | ||